000 00705nam a2200181Ia 4500
008 090124s9999 xx 000 0 und d
082 _b6611
100 _aवायंगणकर र. ग.
245 _a सदगुरु श्रीसमर्थ साटममहाराज
250 _a2
260 _bकला ज्ञानदेव खानोलकर
_c1974
300 _a190
600 _aवायंगणकर र. ग.
630 _a सदगुरु श्रीसमर्थ साटममहाराज
700 _aवायंगणकर र. ग.
730 _a सदगुरु श्रीसमर्थ साटममहाराज
942 _cBOOK
999 _c84742
_d84742